| 000 | 01377cam a2200373 a 4500 | ||
|---|---|---|---|
| 999 |
_c2472 _d2472 |
||
| 001 | 12016073 | ||
| 003 | GZU | ||
| 005 | 20201102091721.0 | ||
| 008 | 000403s2000 ke b 000 0 eng | ||
| 010 | _a 99894158 | ||
| 020 | _a9966214909 | ||
| 035 | _a(DLC) 99894158 | ||
| 040 |
_aDLC _cDLC _dDLC |
||
| 041 | 1 |
_aeng _hfre |
|
| 042 | _alcode | ||
| 043 | _af------ | ||
| 050 | 0 | 0 |
_aHM 621 _bSAR 2000 |
| 082 | 0 | 0 |
_a306.2/0967 _221 |
| 100 | 1 | _aSarah, Robert. | |
| 240 | 1 | 0 |
_aCulture, démocratie et développement à la lumière de Centesimus annus. _lEnglish |
| 245 | 1 | 0 |
_aCulture, democracy, and development in the light of Centesimus annus / _cby Robert Sarah. |
| 260 |
_aNairobi, Kenya : _bPaulines Publications Africa, _c2000. |
||
| 300 |
_a64 p. ; _c21 cm. |
||
| 490 | 1 |
_aAfrican church, handbook ; _vn. 8 |
|
| 504 | _aIncludes bibliographical references. | ||
| 610 | 1 | 0 |
_aCatholic Church. _bPope (1978-2005 : John Paul II). _tCentesimus annus. |
| 650 | 0 |
_aPolitical culture _zAfrica. |
|
| 650 | 0 |
_aDemocracy _zAfrica. |
|
| 651 | 0 |
_aAfrica _xEconomic conditions _y1960- |
|
| 830 | 0 |
_aAfrican Church. _pHandbook ; _vno. 8. |
|
| 906 |
_a7 _bcbc _corigode _d3 _encip _f19 _gy-gencatlg |
||
| 942 |
_2lcc _cBK _h621 _iSAR _kHM |
||